01252nab a2200229uuc450000100070000000500170000700800410002403500110006503500210007604000130009704100080011010001020011824500750022026000100029552004390030565000360074465000450078065000510082577301170087694200100099399900190100397360420240917090241.0060505s2004 spa  a973604 a(OCoLC)820349126 ccomduadb aspa10aMachado Cartagena, Absalón,d1941-4aut0(isni)0000 0000 8401 109X0(viaf)93458405eaut924142910aAcademia, actores sociales y políticas públicas en el sector rural c2004.3 aUn análisis sobre el modo en que las ciencias sociales, y en particular la economía, han enfrentado el problema rural y acompañado las transformaciones del país y del sector. En particular se analizó el estado de discusión y comprensión del problema agrario y rural; la incidencia del trabajo académico sobre el diseño de políticas públicas, y la visión de los actores sociales sobre el trabajo de la academia. aSector rural - Colombia9131914 7aDesarrollo ruralzColombia2lemb9151652 7aPolíticas públicaszColombia2embne9691970 tColombia : Ciencia y Tecnología (Bogotá)gVol. 22, No. 04, Oct.-Dic. 2004, p. 37-43w99835x0120-5595092033 cARIMP c382829d382829